GUYTON & HALL TB. OF MEDICAL PHYSIOLOGY (Record no. 1788)

MARC details
000 -LEADER
fixed length control field 00359nam a2200145Ia 4500
008 - FIXED-LENGTH DATA ELEMENTS--GENERAL INFORMATION
fixed length control field 150201s2013 xx 000 0 und d
082 ## - DEWEY DECIMAL CLASSIFICATION NUMBER
Classification number 612
Item number G13H
100 ## - MAIN ENTRY--PERSONAL NAME
Personal name HALL, JOHN E.
245 ## - TITLE STATEMENT
Title GUYTON & HALL TB. OF MEDICAL PHYSIOLOGY
250 ## - EDITION STATEMENT
Edition statement 1ST
260 ## - PUBLICATION, DISTRIBUTION, ETC. (IMPRINT)
Name of publisher, distributor, etc. ELSEVIER
Place of publication, distribution, etc. INDIA
Date of publication, distribution, etc. 2013
300 ## - PHYSICAL DESCRIPTION
Extent 1-907
650 ## - SUBJECT ADDED ENTRY--TOPICAL TERM
Topical term or geographic name as entry element HUMAN PHYSIOLOGY
942 ## - ADDED ENTRY ELEMENTS (KOHA)
Source of classification or shelving scheme Dewey Decimal Classification
Koha item type Books
Koha issues (borrowed), all copies 51
Holdings
Withdrawn status Lost status Source of classification or shelving scheme Damaged status Not for loan Collection code Home library Current library Shelving location Date acquired Source of acquisition Cost, normal purchase price SGTU Bill Number Total Checkouts Full call number Barcode Date last seen Date last checked out Bill Date Koha item type Total Renewals
    Dewey Decimal Classification     MEDICAL SGT Medical Library SGT Medical Library Text Book 14/05/2014 ABC DELHI 1295.00 SGTU 4634 24 612 G13H FM6106 24/02/2026 28/01/2026 14/07/2014 Books  
    Dewey Decimal Classification     MEDICAL SGT Medical Library SGT Medical Library Text Book 14/05/2014 ABC DELHI 1295.00 SGTU 4634 25 612 G13H FM6107 28/12/2024 11/12/2024 14/07/2014 Books 1
    Dewey Decimal Classification     MEDICAL SGT Medical Library SGT Medical Library Text Book 14/05/2014 ABC DELHI 1295.00 SGTU 4634 29 612 G13H FM6108 13/04/2026 28/03/2026 14/07/2014 Books  
    Dewey Decimal Classification     MEDICAL SGT Medical Library SGT Medical Library Text Book 14/05/2014 ABC DELHI 1295.00 SGTU 4634 15 612 G13H FM6109 18/05/2026 07/05/2026 14/07/2014 Books  
    Dewey Decimal Classification     MEDICAL SGT Medical Library SGT Medical Library Text Book 14/05/2014 ABC DELHI 1295.00 SGTU 4634 31 612 G13H FM6110 09/05/2026 09/05/2026 14/07/2014 Books